000 00242nam a2200121Ia 4500
003 LDD
040 _cLDD
041 _aen
245 0 _aEx-imp Times
260 _aex-imp
_bDelhi
_c1 Oct-15 Dec,2006
362 _a28-28
_b19-23
942 _2ddc
_cJ
999 _c179566
_d179566